书目信息 |
| 题名: |
亚洲各国按摩技法精髓
|
|
| 作者: | 刘飞 主编 | |
| 分册: | ||
| 出版信息: | 北京 中国盲文出版社 2012.08 |
|
| 页数: | 15, 267页 | |
| 开本: | 26cm | |
| 丛书名: | 盲人按摩师职业技能提高丛书 | |
| 单 册: | ||
| 中图分类: | R454.4 | |
| 科图分类: | ||
| 主题词: | 按摩--研究--亚洲 , 按摩 | |
| 电子资源: | ||
| ISBN: | 978-7-5002-3892-8 | |
| 000 | 00911oam2 2200277 450 | |
| 001 | 0102100417 | |
| 005 | 20210402100820.0 | |
| 010 | @a978-7-5002-3892-8@dCNY18.00 | |
| 100 | @a20121212d2012 em y0chiy50 ea | |
| 101 | 0 | @achi |
| 102 | @aCN@b110000 | |
| 105 | @aa z 000yy | |
| 106 | @ar | |
| 200 | 1 | @a亚洲各国按摩技法精髓@Aya zhou ge guo an mo ji fa jing sui@f刘飞主编 |
| 210 | @a北京@c中国盲文出版社@d2012.08 | |
| 215 | @a15, 267页@c照片@d26cm | |
| 225 | 2 | @a盲人按摩师职业技能提高丛书@f李志军主编 |
| 300 | @a国家出版基金项目 | |
| 330 | @a本书准备把握日、韩、港、泰按摩技法的特点,对各式按摩技法的精髓进行了准确剖析,并对各式按摩技法的手法逐一分述操作要领及作用。 | |
| 461 | 0 | @12001 @a盲人按摩师职业技能提高丛书 |
| 606 | 0 | @a按摩@x研究@y亚洲 |
| 606 | 0 | @a按摩 |
| 690 | @aR454.4@v5 | |
| 701 | 0 | @a刘飞@Aliu fei@4主编 |
| 801 | 0 | @aCN@bBJSZM@c20210402 |
| 905 | @b1275441-4@dR454.4@e146@f4 | |
| 亚洲各国按摩技法精髓/刘飞主编.-北京:中国盲文出版社,2012.08 |
| 15, 267页:照片;26cm.-(盲人按摩师职业技能提高丛书/李志军主编) |
| 国家出版基金项目 |
| ISBN 978-7-5002-3892-8:CNY18.00 |
| 本书准备把握日、韩、港、泰按摩技法的特点,对各式按摩技法的精髓进行了准确剖析,并对各式按摩技法的手法逐一分述操作要领及作用。 |
| ● |
| 相关链接 |
|
|
|
|
正题名:亚洲各国按摩技法精髓
索取号:R454.4/146
 
预约/预借
| 序号 | 登录号 | 条形码 | 馆藏地/架位号 | 状态 | 备注 |
| 1 | 1275441 | 212754410 | 第二样本阅览室/ [索取号:R454.4/146] | 在馆 | |
| 2 | 1275442 | 212754429 | 教育系资料室/ [索取号:R454.4/146] | 在馆 | |
| 3 | 1275443 | 212754438 | 教育系资料室/ [索取号:R454.4/146] | 在馆 | |
| 4 | 1275444 | 212754447 | 第三借阅区/ [索取号:R454.4/146] | 在馆 |